World history: New prespective : (Record no. 354773)
[ view plain ]
| 000 -LEADER | |
|---|---|
| fixed length control field | 00348nam a2200109Ia 4500 |
| 008 - FIXED-LENGTH DATA ELEMENTS--GENERAL INFORMATION | |
| fixed length control field | 180205s9999 xx 000 0 und d |
| 020 ## - INTERNATIONAL STANDARD BOOK NUMBER | |
| International Standard Book Number | 9789712724923 |
| 100 ## - MAIN ENTRY--PERSONAL NAME | |
| Personal name | Diaz, Christine L. |
| 245 ## - TITLE STATEMENT | |
| Title | World history: New prespective : |
| Remainder of title | The renaissance to the global wars |
| 260 ## - PUBLICATION, DISTRIBUTION, ETC. (IMPRINT) | |
| Place of publication, distribution, etc | Mandaluyong City |
| Name of publisher, distributor, etc | Anvil publishing |
| Date of publication, distribution, etc | 2011 |
| 300 ## - PHYSICAL DESCRIPTION | |
| Extent | vii, 184 pages |
| Withdrawn status | Lost status | Source of classification or shelving scheme | Damaged status | Home library | Current library | Shelving location | Date acquired | Source of acquisition | Total Checkouts | Full call number | Barcode | Date last seen | Price effective from | Koha item type |
|---|---|---|---|---|---|---|---|---|---|---|---|---|---|---|
| Library of Congress Classification | Archives | Archives | 02/05/2018 | Library Fund | D 21.3 .D542 2011 | C15663 | 05/08/2018 | 02/05/2018 | Books |